| 000 | 01328nam a2200289 i 4500 | ||
|---|---|---|---|
| 003 | EG-ScBUE | ||
| 005 | 20230814122332.0 | ||
| 008 | 090809s2003 ua b f 000 0 ara d | ||
| 040 |
_aEG-ScBUE _bara _erda _cEG-ScBUE _dEG-ScBUE |
||
| 041 | 1 |
_aara _heng |
|
| 082 | 0 | 4 |
_a909 _bو ي ل _222 |
| 100 | 1 |
_aويلز، هـ. ج.، _d1866-1946، _eمؤلف. |
|
| 245 | 1 | 0 |
_aموجز تاريخ العالم. _nالجزء الأول / _cتأليف هـ. ج. ويلز ؛ ترجمة عبد العزيز توفيق جاويد ؛ مراجعة محمد مأمون نجا ؛ إعداد د. محمد محمد عناني. |
| 264 | 1 |
_aالقاهرة : _bالهيئة المصرية العامة للكتاب، _c2003. |
|
| 300 |
_a311 صفحة : _bخرائط ؛ _c18 سم. |
||
| 336 |
_2rdacontent _aنص _btxt |
||
| 337 |
_2rdamedia _aبدون وسيط _bn |
||
| 338 |
_2rdacarrier _aمجلد _bnc |
||
| 490 | 0 | _aسلسلة أمهات الكتب | |
| 546 | _aالنص باللغة العربية وتم ترجمته من اللغة الإنجليزية. | ||
| 650 | 7 |
_98382 _aالعالم _xتاريخ. _2BUEsh |
|
| 655 | _vReading book | ||
| 700 | 1 |
_aجاويد، عبد العزيز توفيق، _eمترجم. |
|
| 700 | 1 |
_aنجا، محمد مأمون، _eمراجع. |
|
| 700 | 1 |
_aعناني، محمد محمد، _eمعد. |
|
| 942 |
_2ddc _cBB |
||
| 999 |
_c12549 _d12549 |
||